Представление документа в формате RUSMARC

ПолеНазваниеЗначение
  Тип записи a
  Библиографический уровень m
001 Контрольный номер c2f75a5f8f5541d5a713b817e02a8c30
005 Дата корректировки 20200810131057.0
010 Индекс ISBN __
a ISBN 978-5-394-03623-1
101 Язык документа 0_
a Язык текста rus
102 Страна публикации __
a Страна публикации RU
200 Заглавие и сведения об ответственности 1_
a Заглавие Практикум по решению оптимизационных задач на предприятиии торговли
b Общее обозначение материала Текст
e Сведения, относящиеся к заглавию учеб. пособие
f Первые сведения об ответственности С. Б. Ильяшенко
205 Сведения об издании __
a Основные сведения об издании 3-е изд. , перераб.
210 Выходные данные 1_
a Место издания Москва
c Издательство Дашков и К
d Дата издания 2019
215 Физическое описание __
a Объем 56 с.
225 Серия 2_
a Серия Учебные издания для бакалавров
610 Ключевые слова 0_
a Ключевые слова торговля
610 Ключевые слова 0_
a Ключевые слова оптимизация
610 Ключевые слова 0_
a Ключевые слова Microsoft Office Excel
610 Ключевые слова 0_
a Ключевые слова практикум
610 Ключевые слова 0_
a Ключевые слова сводные таблицы
a Ключевые слова бакалавриат
686 Индексы других классификаций __
a Классификационный индекс 65.422
700 Автор _1
a Фамилия Ильяшенко
b Имя С. Б.
g Полное личное имя Светлана Борисовна
801 Источник записи _0
a Страна RU
b Организация РУК
c Дата составления 20200806
g Правила каталогизации PSBO
801 Источник записи _1
a Страна RU
b Организация РУК
g Правила каталогизации PSBO
852 Данные о местонахождении __
i Авторский знак И 49
j Шифр хранения 65.422
901 Тип документа __
t Тип документа m
937 Технологическая информация __
a Создатель записи (имя) Мясникова
938 Служебная информация __
a Название организации Головной вуз
952 Тип литературы __
c Вид литературы практикум